Music Quiz

Random Music or Billboard Quiz
Score 0/50 Timer 06:00
2 Plays Today
% Correct
Survive
90.9%
Sexy
90.8%
Breath
90.8%
Georgia
89.2%
Bell
89.1%
Family
88%
Lovin'
87.9%
Glass
87.8%
Swing
87.8%
Enough
86.8%
Stoppin'
86.3%
Knock
86.1%
Sharona
85.9%
Song
85.4%
Down
83.9%
Beautiful
81.7%
Navy
81.6%
Dance
81.5%
Kind
80.5%
Fool
79.5%
Want
76.8%
Groove
75.5%
Hold
73%
Man
71.5%
Winner
70.9%
% Correct
Tonite
70.4%
Love
69.2%
My
65.7%
Bad
63.9%
Pop
61.8%
Times
61.1%
Forever
60.8%
Tears
60.4%
Heartache
59.9%
Seat
59.4%
Dirty
59.4%
Dancer
56.7%
Go
56.7%
Sail
55.6%
Sad
55.5%
Decorated
55.3%
Shake
54.4%
Mother
54.2%
Lonesome
53.5%
Alive
50.2%
Goodbye
47.9%
Heaven
46.8%
In
45.1%
Mama
44.2%
Goodnight
28.7%
Remove Ads.
Support Sporcle.
Get the best of Sporcle when you Go Orange. This ad-free experience offers more features, more stats, and more fun while also helping to support Sporcle. Thank you for becoming a member.

You're not logged in!

Compare scores with friends on all Sporcle quizzes.
OR
Log In

Sporcle TV

Today on Sporcle TV


Watch our educational content, quiz creation guides, and fun videos on Sporcle TV.

Show Comments

Extras

Top Quizzes Today


Score Distribution

Paid Content

Your Account Isn't Verified!

In order to create a playlist on Sporcle, you need to verify the email address you used during registration. Go to your Sporcle Settings to finish the process.

Report this User

Report this user for behavior that violates our Community Guidelines.

Details: